Visitas al Santísimo Sacramento y á María Santísima / (Record n. 35647)

Dettagli MARC
000 -LEADER
fixed length control field 01280nam a2200289 i 4500
003 - CONTROL NUMBER IDENTIFIER
control field IT-RoINE
005 - DATE AND TIME OF LATEST TRANSACTION
control field 20201215062422.0
008 - FIXED-LENGTH DATA ELEMENTS--GENERAL INFORMATION
fixed length control field 890621s1913 sp f r | spa d
040 ## - CATALOGING SOURCE
Original cataloging agency IT-RoINE
041 1# - LANGUAGE CODE
Language code of text/sound track or separate title spa
Language code of original and/or intermediate translations of text ita
100 0# - MAIN ENTRY--PERSONAL NAME
Personal name Alfonso María de Ligorio,
Titles and other words associated with a name Santo,
Dates associated with a name 1696-1787
9 (RLIN) 1299
240 10 - UNIFORM TITLE
Uniform title Visita al Santissimo Sacramento ed a Maria Santissima per per tutti i giorni del mese.
Language of a work Español
245 10 - TITLE STATEMENT
Title Visitas al Santísimo Sacramento y á María Santísima /
Statement of responsibility, etc obra de San Alfonso María de Ligorio ; traducida por Ramón García S.J. y aumentada con las visitas a San José.
250 ## - EDITION STATEMENT
Edition statement 7ª ed.
260 ## - PUBLICATION, DISTRIBUTION, ETC. (IMPRINT)
Place of publication, distribution, etc Madrid :
Name of publisher, distributor, etc Administración del Apostolado de la Prensa,
Date of publication, distribution, etc 1913.
300 ## - PHYSICAL DESCRIPTION
Extent 272 p. ;
Dimensions 15 cm.
336 ## - CONTENT TYPE
Source rdacontent
Content type term text
337 ## - MEDIA TYPE
Source rdamedia
Media type term unmediated
338 ## - CARRIER TYPE
Source rdacarrier
Carrier type term volume
490 1# - SERIES STATEMENT
Series statement Biblioteca del Apostolado de la Prensa
500 ## - GENERAL NOTE
General note Traducción de: Visita al Santissimo Sacramento ed a Maria Santissima per per tutti i giorni del mese.
600 04 - SUBJECT ADDED ENTRY--PERSONAL NAME
9 (RLIN) 67162
Personal name María
Titles and other words associated with a name Santa Virgen
General subdivision Libros de oraciones y devocionarios
600 04 - SUBJECT ADDED ENTRY--PERSONAL NAME
9 (RLIN) 68942
Personal name José,
Titles and other words associated with a name Santo
General subdivision Libros de oraciones y devocionarios
700 1# - ADDED ENTRY--PERSONAL NAME
Personal name García, Ramón,
Titles and other words associated with a name S.I.
9 (RLIN) 69894
830 #0 - SERIES ADDED ENTRY--UNIFORM TITLE
9 (RLIN) 67170
Uniform title Biblioteca del Apostolado de la Prensa
942 ## - ADDED ENTRY ELEMENTS (KOHA)
Item type Monografías
Dati di copia
Withdrawn status Lost status Damaged status Not for loan Home library Current library Date acquired Total Checkouts Full call number Barcode Date last seen Price effective from Koha item type
        Iglesia Nacional Española en Roma Iglesia Nacional Española en Roma 15/12/2020   DEV.NOV 280 NOV-2457 15/12/2020 15/12/2020 Monografías